Normal view MARC view

Entry Personal Name

Number of records used in: 1

001 - CONTROL NUMBER

  • control field: 1236848

003 - CONTROL NUMBER IDENTIFIER

  • control field: OSt

005 - DATE AND TIME OF LATEST TRANSACTION

  • control field: 20260430150225.0

008 - FIXED-LENGTH DATA ELEMENTS

  • fixed length control field: 260430|| aca||aabn | a|a d

040 ## - CATALOGING SOURCE

  • Original cataloging agency: OSt
  • Transcribing agency: OSt

100 ## - HEADING--PERSONAL NAME

  • Personal name: Yadav Suman Au.; Jafri Saiyid Zaheer Husain Gu

670 ## - SOURCE DATA FOUND

  • Source citation: Work cat.: (OSt)1849255: Yadav Suman Au.; Jafri Saiyid Zaheer Husain Gu., Theory and practice of unani medicine in India: Colonial understanding of 'madeical education' and 'indigenous system', 2022
Copyright @ Delhi University Library System